• 首页
  • 本馆介绍
  • 公告通知
  • 最新文献
  • 馆藏检索
  • 电子资源
  • 读者导购
  • 参考咨询
  • 我的图书馆
  • 登录
  • 详细信息显示
  • 放入我的书架
  • 预约/预借图书
  • 作者相关作品
  • 分类相关作品
  • 丛书相关作品
  • 出版社相关作品

书目信息

  • 表格格式
  • 工作单格式
  • 卡片格式
题名:
好教育论说集
    
 
作者: 屈哨兵 著
分册:  
出版信息: 北京   北京师范大学出版社  2017
页数: 179页
开本: 24cm
丛书名: 走进广州好教育丛书
单 册:
中图分类: G40-53
科图分类:
主题词: 教育理论--jiao yu li lun--广东省--广州市--文集
电子资源:
ISBN: 978-7-303-21569-0
000 00774cam 2200253 450
001 012001002500
005 20131029103908.0
010    @a978-7-303-21569-0@dCNY28.00
099    @aCAL 012017096704
100    @a20170616d2017 em y0chiy50 ea
101 0  @achi
102    @aCN@b110000
105    @ay z 000yy
106    @ar
200 1  @a好教育论说集@Ahao jiao yu lun shuo ji@f屈哨兵著
210    @a北京@c北京师范大学出版社@d2017
215    @a179页@d24cm
225 2  @a走进广州好教育丛书@Azou jin guang zhou hao jiao yu cong shu
410  0 @12001 @a走进广州好教育丛书
606 0  @a教育理论@Ajiao yu li lun@y广东省@y广州市@j文集
690    @aG40-53@v5
701  0 @a屈哨兵@Aqu shao bing@4著
801  2 @aCN@b江苏凤凰@c20191020
905    @b1229280-3@dG40-53@e1027@f4
    
    好教育论说集/屈哨兵著.-北京:北京师范大学出版社,2017
    179页;24cm.-(走进广州好教育丛书)
    
    
    ISBN 978-7-303-21569-0:CNY28.00
    
●
相关链接 在E读中查询图书 在五车中查询图书 在当当中查询图书 在豆瓣中查询图书


正题名:好教育论说集     索取号:G40-53/1027         预约/预借

序号 登录号 条形码 馆藏地/架位号 状态 备注
1 1229280   212292801   第一样本阅览室/ [索取号:G40-53/1027] 在馆    
2 1229281   212292810   教育系资料室/ [索取号:G40-53/1027] 在馆    
3 1229282   212292829   教育系资料室/ [索取号:G40-53/1027] 在馆    
4 1229283   212292838   第四借阅区/ [索取号:G40-53/1027] 在馆    
唐山师范学院图书馆 欢迎您!
大连网信软件有限公司© 版权所有